S americkou podporou v Rožňave nepochodili

Bibliographic Details
Main Author: (pk) (Author)
Corporate Author: M.E.S.A.10 (združenie občianske) (Author)
Format: Article
Language:Slovak
Subjects:

MARC

LEADER 00000nab a2200000 a 4500
001 vtls001009183
003 SK-MaSNL
005 20260305033800.0
008 040720e20000811xo 0 slo
035 |a RV9783 
040 |a RVGKPD  |b slo  |c RVGKPD  |e AACR2 
041 0 |a slo 
044 |a xo  |c SK 
080 |a 332.1  |2 1981 
100 0 |a (pk)  |4 aut  |9 626133 
245 1 0 |a S americkou podporou v Rožňave nepochodili 
610 2 7 |a M.E.S.A.10 (združenie občianske)  |2 RVGKPD  |9 1614667 
650 0 7 |a regionálne hospodárstvo  |2 RVGKPD  |9 83369 
650 0 7 |a regionálny rozvoj  |2 RVGKPD  |9 2352 
650 0 7 |a rozvojové programy a projekty   |2 RVGKPD  |9 88184 
651 7 |a Rožňava (Slovensko : okres)  |2 RVGKPD  |9 19215 
655 7 |a periodikum  |2 snkbucl  |9 29553 
710 2 |a M.E.S.A.10 (združenie občianske)  |4 aut  |9 1614667 
773 0 8 |t Gemerský denník  |g Roč. 2, č.185, 11.8.2000, s. 1 
852 |a ZVYKNI  |b KIS3GCP 
999 |c 3325913  |d 3327843